1001 facts about Space
| Main Author: | |
|---|---|
| Format: | Book |
| Published: |
London :
Kingfisher Book ,
1993
|
| Series: | 1001 facts about
|
| Subjects: |
MARC
| LEADER | 00000cam a2200000 7i4500 | ||
|---|---|---|---|
| 001 | 0000004079 | ||
| 002 | 000004391 | ||
| 005 | 20060206.0 | ||
| 020 | |a 1856971295 | ||
| 090 | 0 | 0 | |a 030 |b ONE |
| 100 | 1 | |a Beasant, Pam | |
| 245 | 1 | 0 | |a 1001 facts about Space |c Pam Beasant |
| 260 | |a London : |b Kingfisher Book , |c 1993 | ||
| 300 | |a 47p. : |b ill ; |c 29cm. | ||
| 490 | 0 | |a 1001 facts about | |
| 650 | 0 | 0 | |a Space |x Juvenile literature |
| 999 | |a 037278 |b BUKU |c JUNIOR BOOKS |e PERPUSTAKAAN KOMUNITI PETALING JAYA | ||